| 000 | 01229cab a22002535a 4500 | ||
|---|---|---|---|
| 001 | L160148 | ||
| 008 | 180810e2018 xxk 000 0 eng d | ||
| 035 | _a(Sirsi) u160148 | ||
| 041 | 0 | _aeng | |
| 100 | 1 | _aStrong, Gary | |
| 245 | 0 | 0 |
_aCracking the door _h[electronic resource] |
| 260 | _c2018 | ||
| 490 |
_aRICS Property Journal _vJuly-August 2018, 46-48(3) |
||
| 520 | _aOffers advice to property managers and freeholders to ensure that flat entrance doors comply with fire safety measures as set out in the Regulatory Reform (Fire Safety) Order 2005. Looks at the principles of the Housing Act 2004, the Housing Health Safety Rating System(HHSRS) and the Building Act 1984. As a last resort, local authorities can take enforcement action against leaseholders who do not comply | ||
| 650 | 2 | 4 | _aREGULATORY REFORM (FIRE SAFETY) ORDER 2005 |
| 650 | 2 | 4 | _aHOUSING HEALTH AND SAFETY RATING SYSTEM (ENGLAND) REGULATIONS 2005 |
| 650 | 2 | 4 | _aHOUSING ACT 2004 |
| 650 | 2 | 4 | _aBUILDING ACT 1984 |
| 650 | 2 | 4 | _aFIRE RESISTANT DOORS |
| 651 | 4 |
_aUnited Kingdom _y |
|
| 690 |
_aHealth and safety _96244 |
||
| 856 | 4 | 0 |
_uhttps://issuu.com/ricsmodus/docs/property_journal_july-august_2018 _yAvailable free online via Issuu |
| 942 | _n0 | ||
| 999 |
_c85177 _d85177 |
||